000 01246nam0a2200277 4500
001 RU\NLR\bibl\1710494
005 20250616064753.0
021 _aRU
_b2010-87703
_95882
035 _a(NLR Aleph) 001701525
090 _a1223445
_c1223445
100 _a20101208d2010 |||y0rusy50 ca
101 0 _arus
102 _aRU
105 _ay |||||||||
200 1 _aМеждународное частное право
_eкурс лекций
_fА.С. Протасова
_gМ-во образования и науки Рос. Федерации, Гос. образоват. учреждение высш. проф. образования "Вост.-Сиб. гос. технол. ун-т" (ГОУ ВПО ВСГТУ)
210 _aУлан-Удэ
_cИзд-во ВСГТУ
_d2010
215 _a81, [1] с.
_d21
606 1 _aМеждународное частное право
_jУчебные издания для высших учебных заведений
_91113671
_3RU\NLR\auth\66120551
686 _aХ93я73
700 1 _aПротасова
_bА. С.
_gАлена Сергеевна
_4070
801 0 _aRU
_bNLR
_c20101208
_gRCR
801 1 _aRU
_bNLR
_c20101208
942 _cBOOK
980 _aNB
980 _aNBR